UK office national voice (Record no. 119349)

MARC details
000 -LEADER
fixed length control field 01257cas a2200253 4500
001 - CONTROL NUMBER
control field L153653
008 - FIXED-LENGTH DATA ELEMENTS--GENERAL INFORMATION
fixed length control field 110815s2010 eng u
035 ## - SYSTEM CONTROL NUMBER
System control number (Sirsi) u153653
041 0# - LANGUAGE CODE
Language code of text/sound track or separate title eng
050 ## - LIBRARY OF CONGRESS CALL NUMBER
Classification number 333.33 $2 18
110 2# - MAIN ENTRY--CORPORATE NAME
Corporate name or jurisdiction name as entry element Jones Lang LaSalle
9 (RLIN) 3755
245 00 - TITLE STATEMENT
Title UK office national voice
Medium [electronic resource]
260 ## - PUBLICATION, DISTRIBUTION, ETC.
Place of publication, distribution, etc. [S.l.]
Name of publisher, distributor, etc. Jones Lang LaSalle
Date of publication, distribution, etc. July 2010-
362 0# - DATES OF PUBLICATION AND/OR SEQUENTIAL DESIGNATION
Dates of publication and/or sequential designation July 2010-
490 #0 - SERIES STATEMENT
Series statement Jones Lang LaSalle UK Office National Voice
Volume/sequential designation July 2010-
520 ## - SUMMARY, ETC.
Summary, etc. A quarterly review of office market conditions across the UK providing key office market statistics, an UK office market trend clock and a national market overview with further city focuses on the Birmingham, Bristol, Cardiff, Leeds, Manchester, Western Corridor, Edinburgh and Glasgow office markets. Definitions.
554 ## -
-- Quarterly
650 24 - SUBJECT ADDED ENTRY--TOPICAL TERM
Topical term or geographic name entry element JONES LANG LASALLE UK OFFICE NATIONAL VOICE
651 #4 - SUBJECT ADDED ENTRY--GEOGRAPHIC NAME
Geographic name United Kingdom
Chronological subdivision
690 ## - LOCAL SUBJECT ADDED ENTRY--TOPICAL TERM (OCLC, RLIN)
Topical term or geographic name as entry element PROPERTY-COMMERCIAL PROPERTY-COMMERCIAL PROPERTY FINANCE AND INVESTMENT
690 ## - LOCAL SUBJECT ADDED ENTRY--TOPICAL TERM (OCLC, RLIN)
Topical term or geographic name as entry element PROPERTY-COMMERCIAL PROPERTY-COMMERCIAL PROPERTY MARKET
856 40 - ELECTRONIC LOCATION AND ACCESS
Uniform Resource Identifier <a href="https://www.joneslanglasalle.co.uk/UnitedKingdom/EN-GB/Pages/ResearchFilter.aspx">https://www.joneslanglasalle.co.uk/UnitedKingdom/EN-GB/Pages/ResearchFilter.aspx</a>
Public note View the report free of charge at www.joneslanglasalle.co.uk
942 ## - ADDED ENTRY ELEMENTS (KOHA)
Suppress in OPAC 0
Holdings
Withdrawn status Lost status Source of classification or shelving scheme Damaged status Not for loan Home library Current library Shelving location Date acquired Total Checkouts Full call number Barcode Date last seen Copy number Price effective from Koha item type
    Dewey Decimal Classification     Virtual Virtual Online 15/08/2011   ONLINE PUBLICATION 153653-2001 06/08/2019 1 06/08/2019 Book